000 00711nam a2200193 i 4500
001 29061
003 ES-MaACL
005 20230906153954.0
007 t|
008 030121s1933 sp ||||1| spa d
100 1 _aBarbastro y Gamper, José.
_925389
245 1 0 _aConsideraciones generales sobre abastecimientos de la flota
_b: conferencia dada en la Escuela de Guerra Naval el día 3 de junio de 1933 /
_cJosé Barbastro y Gamper.
260 _aMadrid :
_bMinisterio de Marina,
_c1933.
300 _a17 p. ;
_c24 cm.
650 4 _aMarina de guerra-
_zEspaña-
_yS.XX.
_914788
710 2 _aEscuela de Guerra Naval.
_93546
710 1 _aEspaña.
_bMinisterio de Marina.
_93909
852 _aES-MaACL
_j1782-F-19
999 _c29061
_d29061